00257nam a2200097Ia 4500008004100000245003400041260000900075300003000084440002400114650002100138180117s9999 xx 000 0 und d aThis Week in arts and Culture c2017 a23-25 pages, 2017 June 11 aPhilippine Panorama aARTS AND CULTURE